000 00627nam a2200217 a 4500
001 BRL_1057
005 20190320211020.0
008 061113s1930----mx-ao#####---#000-0#spa-#
041 _aspa
044 _amx
050 4 _aTS2301.T7
_b.F47 1930
100 1 _aFernández Ledesma, Gabriel
_925699
245 1 0 _aJuguetes Mexicanos
_cG. Fernández Ledesma.
260 _aMéxico, D.F.
_bTalleres Gráficos de la Nación
_c1930
300 _a53 p.
_bil., 52 láminas
_c23 cm.
500 _aAu1164
500 _aEstado físico: Lomo en mal estado
650 1 4 _aJuguetes
_xHistoria
_zMéxico
_92601
902 _aGRL
942 _2lcc
_cB
999 _c9869
_d9869